|
|
|
|
| LEADER |
00000nam a2200000Ii 4500 |
| 001 |
DIGUCCH0221 |
| 003 |
NyNyDIG |
| 006 |
m o d |
| 007 |
cr ||||||||||| |
| 008 |
250714s2018 cl a o 100 0 spa d |
| 035 |
|
|
|a (OCoLC)1109790187
|
| 040 |
|
|
|a DGITA
|b eng
|e rda
|e pn
|c DGITA
|
| 020 |
|
|
|a 9789561423060
|q edición digital
|
| 020 |
|
|
|z 9789561422896
|q edición impresa
|
| 050 |
1 |
4 |
|a LE36.S42 ebook
|
| 111 |
2 |
|
|a Seminario 1967-2017: A 50 Años de la Reforma Universitaria en la UC
|d (2017 :
|c Pontificia Universidad Católica de Chile),
|e author.
|
| 245 |
1 |
0 |
|a A 50 años de la reforma universitaria en la UC :
|b seminario 1967-2017 /
|c Patricio Bernedo P., editor.
|
| 246 |
3 |
|
|a A cincuenta años de la reforma universitaria en la UC
|
| 264 |
|
1 |
|a Santiago, Chile :
|b Ediciones UC,
|c [2018]
|
| 300 |
|
|
|a 1 online resource :
|b illustrations.
|
| 336 |
|
|
|a text
|b txt
|2 rdacontent
|
| 337 |
|
|
|a computer
|b c
|2 rdamedia
|
| 338 |
|
|
|a online resource
|b cr
|2 rdacarrier
|
| 347 |
|
|
|a text file
|2 rdaft
|
| 347 |
|
|
|b EPUB
|
| 588 |
0 |
|
|a Online resource; title from ePub title page (Digitalia, viewed July 14, 2025)
|
| 610 |
2 |
0 |
|a Universidad Católica de Chile
|x History
|v Congresses.
|
| 700 |
1 |
|
|a Bernedo, Patricio,
|d 1961-
|e editor.
|
| 776 |
0 |
8 |
|i Print version:
|a Seminario 1967-2017: A 50 Años de la Reforma Universitaria en la UC (2017 : Pontificia Universidad Católica de Chile).
|t A 50 años de la reforma universitaria en la UC.
|d Santiago, Chile : Ediciones UC, [2018]
|z 9789561422896
|
| 791 |
2 |
|
|a Digitalia (Firm),
|e distributor.
|
| 793 |
0 |
|
|g Digitalia eBook Collection:
|a Universidad Católica de Chile
|
| 856 |
4 |
0 |
|3 Digitalia Hispánica
|u https://www.digitaliapublishing.com/a/175519/
|
| 910 |
|
|
|a Premium collection: 2025
|